000 010150000a22002050004500
041 0 _aSPA
082 0 4 _aG 173 L6421p
100 1 _aDe Lestapis, Estanislas
245 1 0 _aLa pareja humana. Angustia o equilibrio / Estanislas de Lestapis ; Josep Pombo, Traductor
260 _aBarcelona, España : Herder
300 _a244 Pag.
500 _aTítulo original : Le couple. Angoisse ou équilibre
505 0 0 _abases doctrinales -- pedagogía y progresiones -- la condición conyugal y la iglesia -- de la "casti connubii" a la "gaudiun et spes" -- de la "gaudiun et spes" a la "humanae vitae" -- condición conyugal y teología de la comunicación -- "paternidad responsable" y palabra de Dios -- discernimiento inicial -- de la angustia al equilibrio -- del legalismo al amor -- calvarios y claridades de fe
650 1 4 _aCONTROL NATAL - ASPECTOS RELIGIOSOS
001 1275
942 _cBK
999 _c32598
_d32598
336 _atexto
_btxt
_2rdacontent
337 _2rdamedia
_asin mediación
_bn
338 _2rdacarrier
_avolumen
_bnc